000 00997nam a22003377a 4500
001 8332091
003 LIBRIS
005 20210426102951.0
008 020113s1999 xxk 001 0 eng c
020 _a1861890516 (inb.)
040 _aL*
_dS
_beng
_cDLC
041 _aeng
080 _a811
_bF-58
082 0 _a417.7
_221
084 _aF.00
_2kssb/7
100 1 _aFischer, Steven Roger
245 0 2 _aA history of language
_b/ by: Reaktion Books
260 _aLondon :
_bReaktion Books
_c1999
300 _a240 p. ill.
_bkartor ;
_c23 cm
365 _b29.95 usd
440 0 _aGlobalities
504 _aIncludes bibliographical references and index
650 7 _aHistorical linguistics
_2BNB
650 0 _aLinguistics
_9445
650 7 _aSociolinguistics
_2BNB
653 _aლინგვისტიკა
942 _2udc
_cBK
999 _c907
_d907